000 00664nam a2200253Ia 4500
003 OSt
005 20221005062835.0
006 a|||||r|||| 00| 0
007 ta
008 221004b |||||||| |||| 00| 0 eng d
020 _a0 7474 0535 2
024 _a55287
037 _cTextual
040 _aCRL
_cCRL
_beng
041 _2eng
_aeng
082 _aO111,3N164,GH, M9
100 _aWallace Irving
_956468
245 0 _aGuest of honour
260 _aLondon
_bSphere Books Lts UK
_c1989
300 _a249p.
_ccm.
650 _aENGLISH LITERATURE
942 _hO111,3N164,GH, M9
_cTEXL
_2cc
999 _c970339
_d970339